00857nam a2200217 a 450000100100000000500170001000800410002702000150006804000250008308200170010810000280012524501210015326000410027430000210031549000230033650400730035970000450043283000300047795201150050799900170062200004287420201002040450.0140211s1997 sp 000 0 spa d a8420644064 aDO-SdBNPbspacBNPHU axxxxxbxxxxx1 aCarmena, Manuela97029010aCrónica de un desorden :bnotas para reinventar la justicia /cManuela Carmena ; prólogo Bonifacio de la Cuadra. aMadrid, :bAlianza editorial,c1997. a238 p. ;c22 cm.1 aAlianza actualidad aIncluye referencias bibliográficas y notas al pie de las páginas1 aCuadra, Bonifacio de la,epról.970291 0aAlianza actualidad970292 001050718MOaGRbGRcCTd2014-02-11iLF1l0oxxxxx xxxxxp42874-10r2020-06-25w2020-06-25y1ZNo se presta c42363d42363